00953nam a2200241 i 4500001001000000003000900010005001700019007000300036008004100039020001500080040003000095082002600125245008300151264009800234300005600332336002700388337003300415338002800448490002900476650005400505651005100559710010100610000005188DO-SdBNP20240312154551.0ta090806s1999 dr a 000 0 spa d a9768160535 aDO-SdBNPbspacBNHPUerda 4a342.729303bP977d22203aEl pueblo discute su Constitución :bla reforma constitucional en los foros. aSanto Domingo :bComisión Presidencial para la Reforma y Modernización del Estado,c1999. a235 páginas :bilustraciones, retratos. ;c26 cm. 2rdacontentatextobrda 2rdamediaasin mediaciónbn 2rdacarrieravolumenbnc aDebates constitucionales 4aReformas constitucionaleszRepública Dominicana 4aRepública DominicanaxDerecho constitucional1 aRepública Dominicana.bComisión Presidencial para la Reforma y la Modernización del Estado